Privatization and deinstitutionalization: revisiting the Massachusetts experiment

Guardado en:  
Detalles Bibliográficos
Autor principal: Armstrong, Sarah Carlson (Autor)
Tipo de documento: Print Libro
Lenguaje:Inglés
Publicado: 2006
En:Año: 2006
Verificar disponibilidad: HBZ Gateway
Servicio de pedido Subito: Pedir ahora.
Palabras clave:

MARC

LEADER 00000cam a2200000 c 4500
001 1343481848
003 DE-627
005 20220527122846.0
007 tu
008 071025s2006 xx ||||| m 00| ||eng c
024 8 |a 3253755  |q Order no. 
035 |a (DE-627)1343481848 
035 |a (DE-576)273481843 
035 |a (DE-599)BSZ273481843 
040 |a DE-627  |b ger  |c DE-627  |e rakwb 
041 |a eng 
100 1 |a Armstrong, Sarah Carlson  |0 (DE-627)1343481678  |0 (DE-576)273481673  |4 aut 
109 |a Armstrong, Sarah Carlson  |a Carlson Armstrong, Sarah 
245 1 0 |a Privatization and deinstitutionalization  |b revisiting the Massachusetts experiment  |c by Sarah Carlson Armstrong 
264 1 |c 2006 
300 |a IX, 376 S. 
336 |a Text  |b txt  |2 rdacontent 
337 |a ohne Hilfsmittel zu benutzen  |b n  |2 rdamedia 
338 |a Band  |b nc  |2 rdacarrier 
502 |a Berkeley, Univ. of California., Diss., 2006 
583 1 |a Archivierung prüfen  |c 20200919  |f DE-640  |z 1  |2 pdager 
655 7 |a Hochschulschrift  |0 (DE-588)4113937-9  |0 (DE-627)105825778  |0 (DE-576)209480580  |2 gnd-content 
751 |a Berkeley, Calif.  |0 (DE-588)4005720-3  |0 (DE-627)106380133  |0 (DE-576)208862498  |4 uvp 
935 |a mkri 
951 |a BO 
ELC |b 1 
LOK |0 000 xxxxxcx a22 zn 4500 
LOK |0 001 2554232008 
LOK |0 003 DE-627 
LOK |0 004 1343481848 
LOK |0 005 20071025160339 
LOK |0 008 071025||||||||||||||||ger||||||| 
LOK |0 040   |a DE-Frei85  |c DE-627  |d DE-Frei85 
LOK |0 852   |z  Kopie, erschienen im Verlag Univ. Microfilms Internat., Ann Arbor, 2007 
LOK |0 852   |a DE-Frei85 
LOK |0 852 1  |m p  |9 00 
LOK |0 938   |k p 
LOK |0 939   |a 25-10-07  |b l01 
ORI |a SA-MARC-krimdoka001.raw